MARC

LEADER 00000nam a22000007a 4500
005 20220506221610.0
007 cr|||| ||||
008 220506c20119999ua n|w s|||| 0|||b1eng d
022 |a 2225-6555 
035 |a 33499 
040 |a vLex 
090 |c 13291  |d 13291 
245 0 0 |a Theory and practice of jurisprudence  |h [Recurso electrn̤ico] / 
256 |a Servicio en ln̕ea 
300 |a 1 recurso electrn̤ico 
310 |a Irregular 
362 |a Nð 1 (Ene. 2011) - 
506 1 |a Disponible solo en los productos indicados  |d vLex Global  |d vLex Global (Academic Edition, excluding Law Schools)  |d vLex Global (U.S. Academic Edition, Law Schools)  |d vLex Global (U.S. Academic Edition, excluding Law Schools)  |d vLex Global (Academic Edition, Law Schools) 
650 0 4 |a Derecho Civil  |z Ucrania 
650 0 4 |a Derecho Mercantil y de la Empresa  |z Ucrania 
650 0 4 |a Derecho Laboral y Seguridad Social  |z Ucrania 
650 0 4 |a Derecho Penal  |z Ucrania 
650 0 4 |a Derecho Pb︢lico y Administrativo  |z Ucrania 
650 0 4 |a Derecho de las Nuevas Tecnologa̕s  |z Ucrania 
650 0 4 |a Derecho Procesal  |z Ucrania 
650 0 4 |a Derecho Internacional  |z Ucrania 
650 0 4 |a Derecho Militar  |z Ucrania 
740 0 |a vLex Revistas (Servicio en ln̕ea) 
856 4 0 |u https://app.vlex.com/#/sources/33499  |z Acceso restringido 
942 |c REV 
999 0 |a Civil Law 
999 0 |a Commercial and Company Law 
999 0 |a Labor Law and Social Security 
999 0 |a Criminal Law 
999 0 |a Public and Administrative Law 
999 0 |a Law of New Technologies 
999 0 |a Procedural Law 
999 0 |a International Law 
999 0 |a Military Law